Ninho - Singles de Diamant - Statistiques

Statistiques générales
  • Ce quiz a été pris 984 fois
    921 depuis la dernière actualisation
  • Le résultat moyen est 23 sur 53
Statistiques - réponses
album ou feat singles de diamant % Correct
JEFE Jefe
83%
Destin La vie qu'on mène
83%
Destin Goutte d'eau
74%
Destin Maman ne le sait pas
74%
feat Zola Papers
73%
feat Leto Macaroni
72%
feat Vegedrealm Elle est bonne sa mère
68%
feat Rim'k Air Max
67%
feat Naps 6.3
66%
JEFE VVS
58%
comme prévu Mamacita
56%
M.I.L.S 3.0 Lettre a une femme
54%
feat Maes Distant
53%
feat Dadju Grand bain
53%
feat Niska N.I
52%
M.I.L.S 3.0 Zipette
52%
Destin Putana
51%
comme prévu Rose
50%
feat Leto Tes parents
50%
feat Gaulois Jolie
48%
feat Kpoint Ma 6t a craqué
45%
M.I.L.S 2.0 M.I.L.S 2.0
44%
comme prévu De l'autre coté
43%
feat Niska Méchant
43%
feat Alonzo Tout va bien
42%
M.I.L.S 2.0 Un poco
42%
Destin Jamais
41%
Destin Jusqu'a minuit
41%
M.I.L.S 2.0 fendi
40%
feat Orelsan Millions
40%
M.I.L.S 3.0 Tout en Gucci
40%
feat Hornet la frappe Gasolina
38%
feat Hornet la frappe Sheitana
37%
feat Kore Mon poto
36%
feat Mac Tyer Moto
36%
Destin Money
35%
M.I.L.S 3.0 Filon
34%
feat Serge Ibaka Champion
33%
feat Gazo Mauvais 2X
33%
feat SCH Mayday
33%
Destin A Kinshasa
31%
comme prévu Elle m'a eu
30%
Destin Sans peine
30%
feat Da uzi Crois-moi
29%
JEFE Vérité
29%
Destin Jeune lossa
28%
feat Sadek Madre Mia
25%
M.I.L.S 3.0 Promo
23%
feat Hiro A découvert
22%
feat Naps C'est carré le S
22%
feat Jul Tel Me
22%
JEFE Arme de Poing
21%
M.I.L.S Dit moi que tu m'aime
13%
Aucun quiz correspondant
Distribution des résultats
% des personnes avec chaque résultat
Percentile par nombre de réponses
Votre historique - résultats
Vous n’avez pas pris ce quiz depuis la dernière actualisation